ARRUPE JESUIT UNIVERSITY

CORONAVIRUS -STOP THE SPREAD - CLEAN,DISINFECT,COVER

The birth and death of a Highland railway. (Record no. 119389)

MARC details
000 -LEADER
fixed length control field 00754cam a2200265 4500
001 - CONTROL NUMBER
control field 797143
003 - CONTROL NUMBER IDENTIFIER
control field ARRUPE
005 - DATE AND TIME OF LATEST TRANSACTION
control field 20131219163048.0
008 - FIXED-LENGTH DATA ELEMENTS--GENERAL INFORMATION
fixed length control field 710923s1971 enkabcf 000 0 eng
010 ## - LIBRARY OF CONGRESS CONTROL NUMBER
LC control number 74594715
015 ## - NATIONAL BIBLIOGRAPHY NUMBER
National bibliography number B71-08803
020 ## - INTERNATIONAL STANDARD BOOK NUMBER
International Standard Book Number 0719522447
040 ## - CATALOGING SOURCE
Original cataloging agency DLC
Transcribing agency DLC
Modifying agency DLC
043 ## - GEOGRAPHIC AREA CODE
Geographic area code e-uk-st
050 00 - LIBRARY OF CONGRESS CALL NUMBER
Classification number HE3040.B3
Item number K4
082 00 - DEWEY DECIMAL CLASSIFICATION NUMBER
Classification number 385/.09413/8
300 ## - PHYSICAL DESCRIPTION
Other physical details illus., map, ports.
Dimensions 23 cm.
100 1# - MAIN ENTRY--PERSONAL NAME
Personal name Kennedy, Duncan.
9 (RLIN) 6087
245 14 - TITLE STATEMENT
Title The birth and death of a Highland railway.
260 ## - PUBLICATION, DISTRIBUTION, ETC. (IMPRINT)
Place of publication, distribution, etc London,
Name of publisher, distributor, etc J. Murray,
Date of publication, distribution, etc 1971.
300 ## - PHYSICAL DESCRIPTION
Extent x, 171 p., 10 plates.
350 ## - PRICE (NR) (BK AM CF MU VM SE) [OBSOLETE]
Price £2.50
650 #0 - SUBJECT ADDED ENTRY--TOPICAL TERM
Topical term or geographic name as entry element Railroads
Geographic subdivision Scotland
-- Highlands
General subdivision History.
9 (RLIN) 6088
906 ## - LOCAL DATA ELEMENT F, LDF (RLIN)
a 7
b cbc
c orignew
d 3
e ncip
f 19
g y-gencatlg
942 ## - ADDED ENTRY ELEMENTS (KOHA)
Source of classification or shelving scheme Library of Congress Classification
Koha item type Monograph ( Printed materials)
Holdings
Withdrawn status Lost status Source of classification or shelving scheme Damaged status Not for loan Home library Current library Date acquired Total Checkouts Full call number Barcode Date last seen Price effective from Koha item type
    Library of Congress Classification     ARRUPE LIBRARY ARRUPE LIBRARY 19/12/2013   HE3040.B3 K4 464123029 19/12/2013 19/12/2013 Monograph ( Printed materials)

 

Arrupe Library. PO Box MP320 Mt Pleasant, Harare, Zimbabwe
263 242 745411|librarian@aju.ac.zw